| 000 | 01207pam a2200325 i 4500 | ||
|---|---|---|---|
| 999 |
_c19934 _d19934 |
||
| 001 | 410378 | ||
| 003 | BDDh-ASL | ||
| 005 | 20231015025826.0 | ||
| 008 | 800923s1981 enk b 001 0 eng | ||
| 010 | _a 80024508 | ||
| 020 | _a0521231221 | ||
| 040 |
_aDLC _cDLC _dDLC _dBDDh-ASL |
||
| 043 | _aa-ii--- | ||
| 050 | 0 | 0 |
_aBL2003 _b.A66 |
| 082 | 0 | 0 |
_a294.5095 _219 _bAPW |
| 100 | 1 |
_aAppadurai, Arjun, _d1949- |
|
| 245 | 1 | 0 |
_aWorship and conflict under colonial rule : _ba South Indian case / _cArjun Appadurai. |
| 260 |
_aCambridge [Eng.] : _aNew York : _bCambridge University Press, _c1981. |
||
| 300 |
_ax, 266 p. : _c22 cm. |
||
| 440 | 0 |
_aCambridge South Asian studies ; _v27 |
|
| 500 | _aIncludes index. | ||
| 504 | _aBibliography: p. 247-255. | ||
| 650 | 0 |
_aReligion and state _zIndia _xCase studies. |
|
| 651 | 0 |
_aIndia _xReligion _xCase studies. |
|
| 651 | 0 |
_aIndia _xPolitics and government _y1765-1947 _xCase studies. |
|
| 856 | 4 | 2 |
_3Publisher description _uhttp://www.loc.gov/catdir/enhancements/fy0803/80024508-d.html |
| 856 | 4 | 1 |
_3Table of contents only _uhttp://www.loc.gov/catdir/enhancements/fy0803/80024508-t.html |
| 906 |
_a7 _bcbc _corignew _d1 _eocip _f19 _gy-gencatlg |
||
| 942 |
_2ddc _cBK |
||